10 najmniejszych i najmniejszych państw europy - Statystyki

Ogólne statystyki
  • Ten quiz został rozwiązany 22 razy
    11 od ostatniego zresetowania
  • Średni wynik to 19 z 20
Statystyki odpowiedzi
Powierzchnia Odpowiedź % Poprawnych
468 km2 Andora
100%
10 887 km² Kosowo
100%
2 586 km2 Luksemburg
100%
1,98 km2 Monako
100%
61,6 km2 San Marino
100%
449 964 km2 Szwecja
100%
0,44 km2 Watykan
100%
338 145 km2 Finlandia
91%
675 417 km2 Francja
91%
505 645 km2 Hiszpania
91%
160 km2 Liechtenstein
91%
316 km2 Malta
91%
357 114 km2 Niemcy
91%
324 220 km2 Norwegia
91%
312 679 km2 Polska
91%
17 075 400 km2 Rosja
91%
783 580 km2 Turcja
91%
603 700 km2 Ukraina
91%
13 812 km2 Czarnogóra
82%
20 273 km2 Słowenia
82%
Nie znaleziono quizów pasujących do podanych kryteriów
Rozkład punktacji
Procent ludzi z każdym wynikiem
Percentyl według liczby udzielonych odpowiedzi
Twoja historia wyników
Nie rozwiązałeś tego quizu od ostatniego zresetowania